<?xml version="1.0" encoding="UTF-8"?>
<record
    xmlns:xsi="http://www.w3.org/2001/XMLSchema-instance"
    xsi:schemaLocation="http://www.loc.gov/MARC21/slim http://www.loc.gov/standards/marcxml/schema/MARC21slim.xsd"
    xmlns="http://www.loc.gov/MARC21/slim">

  <leader>00350nam a22001217a 4500</leader>
  <datafield tag="040" ind1=" " ind2=" ">
    <subfield code="c">SUN </subfield>
  </datafield>
  <datafield tag="082" ind1=" " ind2=" ">
    <subfield code="a">636 SUN 2019 C139 Or.</subfield>
  </datafield>
  <datafield tag="100" ind1=" " ind2=" ">
    <subfield code="a">SUN SEREY</subfield>
  </datafield>
  <datafield tag="245" ind1=" " ind2=" ">
    <subfield code="a">&#x1794;&#x1785;&#x17D2;&#x1785;&#x17C1;&#x1780;&#x1791;&#x17C1;&#x179F;&#x1798;&#x17BC;&#x179B;&#x178A;&#x17D2;&#x178B;&#x17B6;&#x1793;&#x200B;&#x1793;&#x17C3;&#x1795;&#x179B;&#x17B7;&#x1795;&#x1780;&#x1798;&#x17D2;&#x1798;&#x178A;&#x17C6;&#x178E;&#x17B6;&#x17C6;&#x1793;&#x17B7;&#x1784;&#x179F;&#x178F;&#x17D2;&#x179C;</subfield>
  </datafield>
  <datafield tag="260" ind1=" " ind2=" ">
    <subfield code="a">RUA</subfield>
    <subfield code="b">SUN </subfield>
    <subfield code="c">2019</subfield>
  </datafield>
  <datafield tag="300" ind1=" " ind2=" ">
    <subfield code="a">188P,</subfield>
  </datafield>
  <datafield tag="942" ind1=" " ind2=" ">
    <subfield code="c">KB</subfield>
  </datafield>
  <datafield tag="999" ind1=" " ind2=" ">
    <subfield code="c">19704</subfield>
    <subfield code="d">19704</subfield>
  </datafield>
  <datafield tag="952" ind1=" " ind2=" ">
    <subfield code="0">0</subfield>
    <subfield code="1">0</subfield>
    <subfield code="4">0</subfield>
    <subfield code="6">636_000000000000000_SUN_2019_C139_OR</subfield>
    <subfield code="7">0</subfield>
    <subfield code="9">86738</subfield>
    <subfield code="a">LBC</subfield>
    <subfield code="b">LBC</subfield>
    <subfield code="c">C139</subfield>
    <subfield code="d">2021-03-15</subfield>
    <subfield code="e">a063215</subfield>
    <subfield code="o">636 SUN 2019 C139 Or.</subfield>
    <subfield code="r">2021-03-15</subfield>
    <subfield code="y">KB</subfield>
  </datafield>
  <datafield tag="952" ind1=" " ind2=" ">
    <subfield code="0">0</subfield>
    <subfield code="1">0</subfield>
    <subfield code="4">0</subfield>
    <subfield code="6">636_000000000000000_SUN_2019_C139_OR</subfield>
    <subfield code="7">0</subfield>
    <subfield code="9">86739</subfield>
    <subfield code="a">LBC</subfield>
    <subfield code="b">LBC</subfield>
    <subfield code="c">C139</subfield>
    <subfield code="d">2021-03-15</subfield>
    <subfield code="e">A064725</subfield>
    <subfield code="o">636 SUN 2019 C139 Or.</subfield>
    <subfield code="r">2021-03-15</subfield>
    <subfield code="y">KB</subfield>
  </datafield>
  <datafield tag="952" ind1=" " ind2=" ">
    <subfield code="0">0</subfield>
    <subfield code="1">0</subfield>
    <subfield code="4">0</subfield>
    <subfield code="6">636_000000000000000_SUN_2019_C139_OR</subfield>
    <subfield code="7">0</subfield>
    <subfield code="9">86740</subfield>
    <subfield code="a">LBC</subfield>
    <subfield code="b">LBC</subfield>
    <subfield code="c">C139</subfield>
    <subfield code="d">2021-03-15</subfield>
    <subfield code="e">A063459</subfield>
    <subfield code="o">636 SUN 2019 C139 Or.</subfield>
    <subfield code="r">2021-03-15</subfield>
    <subfield code="y">KB</subfield>
  </datafield>
  <datafield tag="952" ind1=" " ind2=" ">
    <subfield code="0">0</subfield>
    <subfield code="1">0</subfield>
    <subfield code="4">0</subfield>
    <subfield code="6">636_000000000000000_SUN_2019_C139_OR</subfield>
    <subfield code="7">0</subfield>
    <subfield code="9">86741</subfield>
    <subfield code="a">LBC</subfield>
    <subfield code="b">LBC</subfield>
    <subfield code="c">C139</subfield>
    <subfield code="d">2021-03-15</subfield>
    <subfield code="e">A062921</subfield>
    <subfield code="o">636 SUN 2019 C139 Or.</subfield>
    <subfield code="r">2021-03-15</subfield>
    <subfield code="y">KB</subfield>
  </datafield>
  <datafield tag="952" ind1=" " ind2=" ">
    <subfield code="0">0</subfield>
    <subfield code="1">0</subfield>
    <subfield code="4">0</subfield>
    <subfield code="6">636_000000000000000_SUN_2019_C139_OR</subfield>
    <subfield code="7">0</subfield>
    <subfield code="9">86742</subfield>
    <subfield code="a">LBC</subfield>
    <subfield code="b">LBC</subfield>
    <subfield code="c">C139</subfield>
    <subfield code="d">2021-03-15</subfield>
    <subfield code="e">A063279</subfield>
    <subfield code="o">636 SUN 2019 C139 Or.</subfield>
    <subfield code="r">2021-03-15</subfield>
    <subfield code="y">KB</subfield>
  </datafield>
  <datafield tag="952" ind1=" " ind2=" ">
    <subfield code="0">0</subfield>
    <subfield code="1">0</subfield>
    <subfield code="4">0</subfield>
    <subfield code="6">636_000000000000000_SUN_2019_C139_OR</subfield>
    <subfield code="7">0</subfield>
    <subfield code="9">86743</subfield>
    <subfield code="a">LBC</subfield>
    <subfield code="b">LBC</subfield>
    <subfield code="c">C139</subfield>
    <subfield code="d">2021-03-15</subfield>
    <subfield code="e">A063339</subfield>
    <subfield code="o">636 SUN 2019 C139 Or.</subfield>
    <subfield code="r">2021-03-15</subfield>
    <subfield code="y">KB</subfield>
  </datafield>
  <datafield tag="952" ind1=" " ind2=" ">
    <subfield code="0">0</subfield>
    <subfield code="1">0</subfield>
    <subfield code="4">0</subfield>
    <subfield code="6">636_000000000000000_SUN_2019_C139_OR</subfield>
    <subfield code="7">0</subfield>
    <subfield code="9">86744</subfield>
    <subfield code="a">LBC</subfield>
    <subfield code="b">LBC</subfield>
    <subfield code="c">C139</subfield>
    <subfield code="d">2021-03-15</subfield>
    <subfield code="e">A063399</subfield>
    <subfield code="o">636 SUN 2019 C139 Or.</subfield>
    <subfield code="r">2021-03-15</subfield>
    <subfield code="y">KB</subfield>
  </datafield>
</record>
